| 000 | 00497nam a22001817a 4500 | ||
|---|---|---|---|
| 003 | CEME | ||
| 005 | 20210628204009.0 | ||
| 008 | 210114b xxu||||| |||| 00| 0 eng d | ||
| 020 | _a9780195475173 | ||
| 040 | _cceme | ||
| 082 | _a813.54 HAM | ||
| 100 |
_aMohsin Hamid _968187 |
||
| 245 | _aThe reluctant fundamentalist | ||
| 260 |
_aPAKISTAN _bOXFORD _c2007 |
||
| 300 | _a111P | ||
| 650 |
_aTHE RELUCTANT FUNDAMENTALIST. RELUCTANT FUNDAMENTALIST-BEST SELLING NOVEL. _968188 |
||
| 942 |
_cBK _2ddc |
||
| 999 |
_c575811 _d575811 |
||